| 000 | 00649nam a2200181 i 4500 | ||
|---|---|---|---|
| 001 | 144927 | ||
| 003 | ES-MaACL | ||
| 005 | 20230906201129.0 | ||
| 007 | t| | ||
| 008 | 070214s1923 xxkf |||| | eng d | ||
| 100 | 1 |
_aSmith, G. Elliot. _9106871 |
|
| 245 | 1 | 0 |
_aTutankhamen and the discovery of his tomb by the late Earl of Carnarvon and Mr. Howard Carter / _cby G. Elliot Smith. |
| 260 |
_aLondon : _b[s.n.], _c1923 ( _eEdinburgh : _fThe Edinburgh Press) |
||
| 300 |
_a133 p., 1 lám. ; _c19 x 13 cm. |
||
| 600 | 0 | 4 |
_aTutankhamon _cRey de Egipto. _9111780 |
| 600 | 0 | 4 |
_aTutankhamon _cRey de Egipto- _xSepulcro. _9163303 |
| 852 |
_aES-MaACL _jF-12557 |
||
| 999 |
_c144927 _d144927 |
||